00777nam a22002177a 4500010001100000035001100011037001800022040001200040082001500052100001500067245007600082260003700158270003100195300002500226650001300251650001400264942002400278999001900302952012500321952011300446 a190545 a190545 bCen Lib / Ret aDPLbEn a332.6bMAR aMarx, Karl aCapital :ba critical analysis of capitalist production /cby Karl Marx aLondonbSwan Sonnenschein c1987 aPaternoster SquarebLondon a(v 1. 884)c27cm(Hb) aCapital. aEconomics 2ddccENh332.6mMAR c137117d137117 00103v 14070aLbLd2016-03-17eCen Lib/Retl2o332.6 MARp190545r2020-02-19 00:00:00s2020-02-14t1w2016-03-17yEN 00103v 14070aLbLd2016-03-18eCen Lib/Retl0o332.6 MARp206084r2016-03-18 00:00:00t1w2016-03-18yEN